[Event "EU-ch U12 27th"]
[Site "Mamaia"]
[Date "2017.09.12"]
[Round "7"]
[White "Debucke, Jolan"]
[Black "Silva, Pedro Gil Ferreira"]
[Result "0-1"]
[WhiteElo "1481"]
[BlackElo "1623"]
[PlyCount "104"]
[EventDate "2017.09.05"]
[EventType "swiss"]
[EventRounds "9"]
[EventCountry "ROU"]
[SourceTitle "CBM 180 Extra"]
[Source "ChessBase"]
[SourceDate "2017.10.06"]
[SourceVersion "1"]
[SourceVersionDate "2017.10.06"]
[SourceQuality "1"]

1. e4 e5 2. Nf3 Nc6 3. Bc4 Bc5 4. c3 Nf6 5. d3 d6 6. Bb3 h6 7. Nbd2 a6 8. Nf1 Ba7 9. Ng3 0-0 10. 0-0 Be6 11. Be3 Re8 12. h3 d5 13. Bxa7 Rxa7 14. Qe2 Qd6 15. Qe3 Raa8 16. Nh4 Ne7 17. Kh1 Rad8 18. Rad1 d4 19. Qd2 c5 20. Bxe6 Qxe6 21. c4 b5 22. b3 Kh7 23. Nhf5 Nxf5 24. Nxf5 Nh5 25. g3 Rg8 26. Kh2 g5 27. Qa5 Rb8 28. Qc7 Rgc8 29. Qe7 Qxe7 30. Nxe7 Rc7 31. Nf5 Ra7 32. cxb5 axb5 33. Rd2 Rba8 34. Ra1 Ra3 35. Nd6 Kg6 36. Rb2 b4 37. Nb7 Nf6 38. Nxc5 Rc8 39. Na4 Nd7 40. Kg2 f5 41. f3 f4 42. g4 h5 43. Rh1 h4 44. Rd1 Kf6 45. Kf1 Ke6 46. Ke2 Nc5 47. Rc1 Nxa4 48. Rxc8 Nxb2 49. Rc6+ Ke7 50. Rg6 Rxa2 51. Rxg5 Nc4+ 52. Ke1 Nd2 0-1